Manual d'exàmens de salut escolar
Publicado:
Barcelona :
Generalitat de Catalunya, Departament de Sanitat i Seguretat Social, Direcció General de Promoció de la Salut ,
1980
Descripción Física:
151 p. ; 21 cm
Colección:
Quaderns de salut, 3
Otros Autores:
Catalunya. Direcció General de Promoció de la Salut
MARC
| LEADER | 00000nam a2200000Ia 4500 | ||
|---|---|---|---|
| 001 | 1390 | ||
| 008 | 160829s1980 xx 000 0 cat d | ||
| 080 | |a C-1-583 | ||
| 245 | |a Manual d'exàmens de salut escolar | ||
| 260 | |a Barcelona : |b Generalitat de Catalunya, Departament de Sanitat i Seguretat Social, Direcció General de Promoció de la Salut, |c 1980 | ||
| 300 | |a 151 p. ; |c 21 cm | ||
| 490 | |a Quaderns de salut, 3 | ||
| 650 | |a Higiene escolar |9 23045 | ||
| 650 | |a Medicina preventiva |9 30812 | ||
| 700 | |a Catalunya. Direcció General de Promoció de la Salut |9 36966 | ||
| 901 | |a Arxiu | ||
| 942 | |n 1 | ||
| 952 | |0 0 |1 0 |4 0 |6 C1583 |7 1 |9 45533 |a Arxiu |b Arxiu |d 2016-12-01 |l 0 |o C-1-583 |p 1390 |r 2016-12-01 00:00:00 |w 2016-12-01 |y ARXIU | ||
| 999 | |c 48701 |d 48701 | ||